| 000 | 01290nam a2200385 i 4500 | ||
|---|---|---|---|
| 001 | 991007382859705066 | ||
| 005 | 20260503184003.0 | ||
| 008 | 981023s1987 pl |000 j pol | ||
| 009 | b0000001191584 | ||
| 015 | _aUWD 1987/9319 | ||
| 020 | _a8320538831 | ||
| 035 | _a991007382859705066 | ||
| 035 | _a(PL-WaBN)b11915845-48omnis_nlop | ||
| 035 | _ab11915845 | ||
| 035 | _a(OCoLC)830210640 | ||
| 035 | _azz2004864051 | ||
| 035 | _a(PL)b0000001191584 | ||
| 035 | _a(EXLNZ-48OMNIS_NETWORK)9910266543405606 | ||
| 040 |
_aWA N _cWA N _dZDU_1 |
||
| 080 | _a884-3 | ||
| 100 | 1 |
_aKraszewski, Józef Ignacy _d(1812-1887) |
|
| 245 | 1 | 0 |
_aJaryna / _cJózef Ignacy Kraszewski ; [przygot. do dr. i przypisami opatrzył Stanisław Burkot]. |
| 260 |
_aWarszawa : _bLudowa Spółdzielnia Wydawnicza, _c1987 _e(Tor. : _fZG). |
||
| 300 |
_a143, [1] s. ; _c17 cm. |
||
| 336 |
_aTekst _btxt _2rdacontent |
||
| 337 |
_aBez urządzenia pośredniczącego _bn _2rdamedia |
||
| 338 |
_aWolumin _bnc _2rdacarrier |
||
| 380 | _aKsiążki | ||
| 500 | _aTekst oparto na wydaniu z 1855 r. | ||
| 648 | 7 |
_a1801-1900 _2DBN |
|
| 655 | 7 |
_aOpowiadanie polskie _y19 w. _2DBN |
|
| 700 | 1 |
_aBurkot, Stanisław _d(1932-2019) _eOpracowanie |
|
| 710 | 2 |
_aLudowa Spółdzielnia Wydawnicza _4pbl |
|
| 942 |
_2z _cBK _n0 |
||
| 999 |
_c36 _d36 |
||